Normal view
MARC view
- Cyborgs.
Entry Topical Term
001 - CONTROL NUMBER
- control field: 18471
003 - CONTROL NUMBER IDENTIFIER
- control field: NUST
005 - DATE AND TIME OF LATEST TRANSACTION
- control field: 20190725045209.0
008 - FIXED-LENGTH DATA ELEMENTS
- fixed length control field: 190725|| aca||aabn | a|a d
040 ## - CATALOGING SOURCE
- Original cataloging agency: NUST
- Transcribing agency: NUST
150 ## - HEADING--TOPICAL TERM
- Topical term or geographic name entry element: Cyborgs.
670 ## - SOURCE DATA FOUND
- Source citation: Work cat.: (NUST)0: Clark, Andy, 1957- 18468, Natural-born cyborgs :, c2003.
